Mots de la langue française terminés par "tard" - Statistiques

Statistiques générales
  • Ce quiz a été pris 183 fois
  • Le résultat moyen est 9 sur 17
Statistiques - réponses
Indice Mot % Correct
larve d'amphibien têtard
86%
noceur (familier) fêtard
84%
Père ... Fouettard
84%
explosif pétard
79%
croisé batard
77%
globe-trotter routard
77%
ajournement retard
74%
cachot (argot) mitard
64%
loin tard
60%
tenue (familier) costard
54%
petit garçon (familier) moutard
48%
fanfaron vantard
38%
travailleur de nuit (familier) nuitard
34%
jeune bovin broutard
27%
cycliste pistard
24%
élève de l'École Normale Supérieure de Saint-Cloud (familier) cloutard
12%
pharmacien (familier et inusité) potard
11%
Aucun quiz correspondant
Distribution des résultats
% des personnes avec chaque résultat
Percentile par nombre de réponses
Votre historique - résultats
Vous n’avez pas pris ce quiz